| 000 | 00659nam a22001817a 4500 | ||
|---|---|---|---|
| 999 |
_c11745 _d11745 |
||
| 003 | OSt | ||
| 005 | 20181220154551.0 | ||
| 008 | 181220b ||||| |||| 00| 0 eng d | ||
| 040 | _c0 | ||
| 082 | _aDPer 910.5 T69 Apr-June 2015 v. 45, n.4-5 | ||
| 100 |
_aBarrios, Troy _933510 |
||
| 245 |
_aParadise: _bFound kinilaw resort is a haven of serenity, style and just really good food / _cTroy Barrios ; Photograph by Pat Mateo |
||
| 260 |
_aQuezon City, Philippines : _bABS-CBN Publishing Inc., _ccApr-June 2015. |
||
| 300 |
_av. 45, n. 2, p. 126-129. _bcolored illustrations ; _c28 cm. |
||
| 500 | _aFood | ||
| 650 |
_aFood _vPeriodical _933440 |
||
| 942 |
_2ddc _cPER |
||